[Event "Motor City Open"]
[Site "Detroit"]
[Date "1991.12.01"]
[Round "6"]
[White "Lubben, Don"]
[Black "Burke, Tim"]
[Result "1-0"]
[WhiteElo "1882"]
[BlackElo "1717"]
[PlyCount "67"]
[EventDate "1991.11.29"]

1. e4 c5 2. Nf3 d6 3. d4 cxd4 4. Nxd4 Nf6 5. Nc3 g6 6. Bg5 Bg7 7. Qd2 O-O 8.
Bh6 Nc6 9. Bxg7 Kxg7 10. O-O-O Nxd4 11. Qxd4 Kg8 12. h4 Qa5 13. Bc4 Ng4 14. Bb3
Qc5 15. Nd5 e5 16. Qxc5 dxc5 17. Rd2 b5 18. c4 b4 19. f3 Nh6 20. g4 f5 21. h5
Kg7 22. hxg6 hxg6 23. gxf5 Nxf5 24. exf5 Bxf5 25. Rdh2 g5 26. Rg1 Bg6 27. Rhg2
Kh6 28. Rxg5 Bh5 29. Rxe5 Bxf3 30. Re6+ Kh5 31. Bd1 a5 32. Nf6+ Kh4 33. Bxf3
Ra7 34. Ne4 1-0

[Event "Motor City Open"]
[Site "Detroit"]
[Date "1991.12.01"]
[Round "6"]
[White "Lahr, Fred"]
[Black "Stinson, Darlene"]
[Result "0-1"]
[WhiteElo "1860"]
[BlackElo "1582"]
[PlyCount "40"]
[EventDate "1991.11.29"]

1. e4 e5 2. Nf3 Nf6 3. Nxe5 Qe7 4. d4 d6 5. Nf3 Nxe4 6. Bd3 Nc3+ 7. Kd2 Nxd1 8.
Re1 Be6 9. d5 Nxf2 10. Bf5 Kd8 11. dxe6 fxe6 12. Rxe6 Qf7 13. Nd4 Ng4 14. Kc3
Nf6 15. Bg5 h6 16. Bh4 g5 17. Bg3 c5 18. Nb5 Nd5+ 19. Kc4 Qxf5 20. Bxd6 Qxe6
0-1

[Event "Motor City Open"]
[Site "Detroit"]
[Date "1991.12.01"]
[Round "6"]
[White "Kruskie, Jerry"]
[Black "Parker, Bernard"]
[Result "1-0"]
[WhiteElo "1810"]
[BlackElo "1490"]
[PlyCount "89"]
[EventDate "1991.11.29"]

1. e4 e5 2. Nf3 Nc6 3. d4 exd4 4. Nxd4 Qf6 5. Be3 Bc5 6. c3 Nge7 7. Nc2 Bxe3 8.
Nxe3 O-O 9. g3 b6 10. Bg2 d6 11. O-O Bb7 12. Nd2 Rad8 13. Nb3 Rfe8 14. Rc1 a5
15. Re1 a4 16. Nd4 Nxd4 17. cxd4 c5 18. e5 dxe5 19. Bxb7 exd4 20. Nd5 Nxd5 21.
Rxe8+ Rxe8 22. Bxd5 Qd6 23. Qf3 Qf6 24. Qxf6 gxf6 25. Kf1 Re5 26. Bc4 Kf8 27.
Rd1 Ke7 28. Rd3 Kd6 29. Rf3 f5 30. Bb5 h5 31. Bxa4 c4 32. Bd1 Kc5 33. Rf4 c3
34. bxc3 dxc3 35. Bc2 b5 36. a3 f6 37. Rxf5 Rxf5 38. Bxf5 b4 39. axb4+ Kxb4 40.
Ke2 Kb3 41. Kd1 Kb2 42. f3 Ka3 43. Kc2 Kb4 44. h4 Kc4 45. Bg6 1-0

[Event "Motor City Open"]
[Site "Detroit"]
[Date "1991.12.01"]
[Round "6"]
[White "Koger, Melvin"]
[Black "Ward, Tom"]
[Result "1/2-1/2"]
[WhiteElo "1761"]
[BlackElo "2149"]
[PlyCount "111"]
[EventDate "1991.11.29"]

1. d4 Nf6 2. c4 e6 3. g3 d5 4. Bg2 Nbd7 5. Nf3 dxc4 6. O-O Be7 7. Nbd2 O-O 8.
Nxc4 c5 9. dxc5 Bxc5 10. Qc2 b5 11. Nce5 Qc7 12. Be3 Bb7 13. Nxd7 Nxd7 14. Ng5
Rfc8 15. Qxh7+ Kf8 16. Qh8+ Ke7 17. Qxg7 Rf8 18. Bxc5+ Nxc5 19. Bxb7 Qxb7 20.
Rac1 Qd5 21. Rfd1 Qf5 22. Nf3 Rac8 23. Qe5 Qxe5 24. Nxe5 Na4 25. Rxc8 Rxc8 26.
Rd7+ Kf6 27. Nxf7 Nxb2 28. Rxa7 Rc2 29. Nd6 b4 30. e3 Nd3 31. h4 Rc1+ 32. Kg2
Ke5 33. Nb5 Ra1 34. h5 Kf5 35. h6 Ne1+ 36. Kh3 Nf3 37. g4+ Kg6 38. h7 Ng5+ 39.
Kg2 Nxh7 40. f4 Nf6 41. g5 Nd5 42. Kf2 e5 43. Ra6+ Kf5 44. Nd6+ Kg4 45. g6 exf4
46. exf4 Kxf4 47. g7 Ne7 48. Nc8 Ng8 49. Ra4 Kg5 50. Rxb4 Rxa2+ 51. Kf3 Kf6 52.
Rb7 Ra3+ 53. Ke4 Rg3 54. Nd6 Ke6 55. Ne8 Nf6+ 56. Nxf6 1/2-1/2

[Event "Motor City Open"]
[Site "Detroit"]
[Date "1991.12.01"]
[Round "7"]
[White "Khraizat, Ali"]
[Black "McFolley, John"]
[Result "0-1"]
[WhiteElo "1271"]
[BlackElo "1271"]
[PlyCount "34"]
[EventDate "1991.11.29"]

1. e4 e5 2. Nf3 Nc6 3. c3 Nf6 4. d3 Bc5 5. Be3 Bxe3 6. fxe3 O-O 7. Nbd2 d6 8.
d4 Bg4 9. h3 Bh5 10. Bb5 Bg6 11. Qc2 Nxe4 12. Nxe4 d5 13. Bxc6 bxc6 14. Nxe5
Bxe4 15. Qb3 Qh4+ 16. Kf1 Qg5 17. Re1 Qxg2# 0-1

[Event "Motor City Open"]
[Site "Detroit"]
[Date "1991.12.01"]
[Round "6"]
[White "Khraizat, Ali"]
[Black "Fluellen, Nathaniel"]
[Result "1-0"]
[WhiteElo "1271"]
[BlackElo "1272"]
[PlyCount "78"]
[EventDate "1991.11.29"]

1. e4 e5 2. Nf3 d6 3. b3 Bg4 4. Be2 Nf6 5. Nc3 a6 6. h3 Bh5 7. d3 d5 8. exd5
Nxd5 9. Bd2 Bb4 10. Nxd5 Qxd5 11. Bxb4 c5 12. c4 Qc6 13. Nxe5 Qxg2 14. Rf1 cxb4
15. Bxh5 O-O 16. Bf3 Qg5 17. Ng4 Re8+ 18. Be2 Nc6 19. Qd2 Qd8 20. Kd1 a5 21.
Bf3 Nd4 22. Bxb7 Nxb3 23. axb3 Ra7 24. Be4 Rae7 25. Re1 Rd7 26. Kc2 Rd4 27. Re2
Kf8 28. Bxh7 Rxe2 29. Qxe2 Rf4 30. Rxa5 Qxa5 31. Qe3 Qa2+ 32. Kc1 Qa1+ 33. Kd2
Qb2+ 34. Ke1 Qb1+ 35. Ke2 Qa2+ 36. Kf1 Qa1+ 37. Kg2 Rxg4+ 38. hxg4 Qa3 39. c5
f6 1-0

[Event "Motor City Open"]
[Site "Detroit"]
[Date "1991.12.01"]
[Round "7"]
[White "Jordan, Willie"]
[Black "Kruskie, Jerry"]
[Result "0-1"]
[WhiteElo "1683"]
[BlackElo "1810"]
[PlyCount "53"]
[EventDate "1991.11.29"]

1. e4 c5 2. Nf3 Nc6 3. Bc4 e6 4. Qe2 Nge7 5. Nc3 a6 6. a3 b5 7. Ba2 g6 8. d3
Bg7 9. Be3 Nd4 10. Qd2 Nec6 11. Bxd4 Nxd4 12. h4 h6 13. Nxd4 cxd4 14. Ne2 Bb7
15. O-O-O O-O 16. f4 d5 17. f5 e5 18. fxg6 fxg6 19. h5 g5 20. Ng3 Kh7 21. Rhf1
Rf4 22. Nf5 Rc8 23. g3 Rxf1 24. Rxf1 Rc7 25. Nxg7 Kxg7 26. Qf2 dxe4 27. Qf6+
0-1

[Event "Motor City Open"]
[Site "Detroit"]
[Date "1991.12.01"]
[Round "6"]
[White "Jordan, Willie"]
[Black "Burg, Dan"]
[Result "1-0"]
[WhiteElo "1683"]
[BlackElo "1877"]
[PlyCount "61"]
[EventDate "1991.11.29"]

1. e4 b6 2. d4 Bb7 3. Bd3 f5 4. exf5 Bxg2 5. Qh5+ g6 6. fxg6 Bg7 7. gxh7+ Kf8
8. hxg8=Q+ Kxg8 9. Qe2 Nc6 10. c3 Bxh1 11. Bf4 Bd5 12. Na3 d6 13. O-O-O e5 14.
dxe5 Nxe5 15. Bxe5 Bxe5 16. Qg4+ Bg7 17. Nf3 Bxf3 18. Qxf3 Qg5+ 19. Kb1 d5 20.
Bf5 Re8 21. Qxd5+ Kf8 22. Qf3 Bf6 23. h3 Rh4 24. Bg4 Rh7 25. Rd5 Re1+ 26. Kc2
Qc1+ 27. Kb3 Rf7 28. Bh5 c6 29. Bxf7 cxd5 30. Qxf6 Qd1+ 31. Nc2 1-0

[Event "Motor City Open"]
[Site "Detroit"]
[Date "1991.12.01"]
[Round "6"]
[White "Jointer, William"]
[Black "Vaughn, Gerald"]
[Result "1-0"]
[WhiteElo "1700"]
[BlackElo "1400"]
[PlyCount "149"]
[EventDate "1991.11.29"]

1. e4 e6 2. d4 d5 3. e5 Nd7 4. a3 c5 5. c3 Qh4 6. Nf3 Qe4+ 7. Be2 f6 8. Nbd2
Qg6 9. O-O c4 10. b3 b5 11. b4 Nb6 12. exf6 Nxf6 13. Ne5 Qf5 14. Ndf3 Ne4 15.
Qe1 Na4 16. Nh4 Qf6 17. f4 g6 18. g4 Naxc3 19. g5 Qg7 20. Bf3 Be7 21. Bd2 Nxd2
22. Qxd2 Ne4 23. Qe1 Bb7 24. a4 a6 25. axb5 axb5 26. Rxa8+ Bxa8 27. Qa1 O-O 28.
Bg4 Nxg5 29. fxg5 Rxf1+ 30. Qxf1 Bxg5 31. Bxe6+ Kh8 32. Nf7+ Kg8 33. Nxg5+ Kh8
34. Nf7+ Kg8 35. Ne5+ Kh8 36. Qf7 Qxf7 37. Nxf7+ Kg7 38. Kf2 Kf6 39. Nd8 Ke7
40. Bg8 Kxd8 41. Bxh7 g5 42. Nf3 Ke7 43. Nxg5 Kf6 44. h4 Bc6 45. Ke3 Bd7 46.
Nf3 Bf5 47. Bxf5 Kxf5 48. h5 Kf6 49. Kd2 Kg7 50. Ne5 Kh6 51. Nc6 Kxh5 52. Na7
Kg5 53. Nxb5 Kf5 54. Kc3 Ke6 55. Kd2 Kd7 56. Ke3 Kc6 57. Nc3 Kd6 58. Kf4 Ke6
59. b5 Kd6 60. Kf5 Kc7 61. Ke5 Kb6 62. Kxd5 Kc7 63. Kc5 Kb7 64. d5 Kc7 65. d6+
Kb7 66. b6 Kc8 67. Kc6 Kd8 68. b7 Ke8 69. b8=Q+ Kf7 70. Kd5 Kf6 71. Qf8+ Kg6
72. Ke5 Kg5 73. Qg8+ Kh4 74. Kf5 Kh3 75. Kf4 1-0

[Event "Motor City Open"]
[Site "Detroit"]
[Date "1991.12.01"]
[Round "7"]
[White "Jointer, William"]
[Black "Lahr, Fred"]
[Result "0-1"]
[WhiteElo "1700"]
[BlackElo "1860"]
[PlyCount "60"]
[EventDate "1991.11.29"]

1. e4 e5 2. Nf3 Nc6 3. Bc4 Nf6 4. Ng5 d5 5. exd5 Nd4 6. c3 b5 7. cxd4 bxc4 8.
Qa4+ Bd7 9. Qxc4 Ng4 10. d3 Be7 11. Nf3 exd4 12. O-O O-O 13. h3 Nf6 14. Nxd4
Rb8 15. Nc6 Bxc6 16. dxc6 Rb4 17. Qc2 Rd4 18. Rd1 Nd5 19. Nc3 Nb4 20. Qa4 Nxd3
21. Qxa7 Bc5 22. Qa5 Bb6 23. Qh5 Nxf2 24. Rxd4 Qxd4 25. Nb5 Nxh3+ 26. Kh2 Qg1+
27. Kg3 Bf2+ 28. Kf3 Qd1+ 29. Ke4 Re8+ 30. Kf5 Qxh5+ 0-1

[Event "Motor City Open"]
[Site "Detroit"]
[Date "1991.12.01"]
[Round "6"]
[White "Johnston, Rowland"]
[Black "Mellen, Steve"]
[Result "0-1"]
[WhiteElo "1781"]
[BlackElo "2003"]
[PlyCount "48"]
[EventDate "1991.11.29"]

1. b4 Nf6 2. Bb2 e6 3. a3 d5 4. e3 Nbd7 5. c4 c6 6. Nf3 Bd6 7. Nc3 O-O 8. Qc2
e5 9. cxd5 cxd5 10. Be2 a6 11. Rc1 b5 12. d4 e4 13. Nd2 Nb6 14. Ncxe4 dxe4 15.
Nxe4 Be6 16. Qc6 Nxe4 17. Qxe4 Bd5 18. Qd3 Bc4 19. Rxc4 Nxc4 20. Ba1 Re8 21. h4
Rc8 22. f4 Rxe3 23. Qf5 Qe8 24. Qg4 f5 0-1

[Event "Motor City Open"]
[Site "Detroit"]
[Date "1991.12.01"]
[Round "7"]
[White "Ghiata, Gheorghe"]
[Black "Mohammed, Azziem"]
[Result "1/2-1/2"]
[WhiteElo "1945"]
[BlackElo "1761"]
[PlyCount "78"]
[EventDate "1991.11.29"]

1. d4 d5 2. e3 c5 3. c3 Nf6 4. Bd3 cxd4 5. cxd4 Bg4 6. Ne2 e6 7. O-O Bd6 8.
Nbc3 Nc6 9. f3 Bh5 10. Nb5 Rc8 11. Nxd6+ Qxd6 12. Nf4 Bg6 13. Nxg6 hxg6 14. f4
a6 15. Bd2 Ne4 16. Be1 Nb4 17. Bxe4 dxe4 18. Qa4+ Nc6 19. b4 O-O 20. b5 axb5
21. Qxb5 Rc7 22. a4 Ra8 23. Bd2 Nxd4 24. Qb2 Nc2 25. Rad1 Qa3 26. Qb6 Qc5 27.
Qxc5 Rxc5 28. Rb1 Rxa4 29. Rxb7 Ra1 30. Rb8+ Kh7 31. Rxa1 Nxa1 32. Rb7 f5 33.
Kf2 Nc2 34. Bc1 Nb4 35. Rxb4 Rxc1 36. Rb6 Rc2+ 37. Kf1 Rc3 38. Kf2 Rc2+ 39. Kf1
Rc3 1/2-1/2

[Event "Motor City Open"]
[Site "Detroit"]
[Date "1991.12.01"]
[Round "6"]
[White "Falkowski, Kenneth"]
[Black "Moore, Deane"]
[Result "1-0"]
[WhiteElo "1723"]
[BlackElo "1394"]
[PlyCount "101"]
[EventDate "1991.11.29"]

1. d4 d5 2. Nc3 h6 3. e4 dxe4 4. f3 exf3 5. Nxf3 Nf6 6. Bd3 a6 7. O-O Bg4 8.
Be3 Nc6 9. Ne2 e6 10. c3 Bd6 11. Qb3 Rb8 12. Qc2 e5 13. dxe5 Bxe5 14. Rad1 Qe7
15. Qc1 Bxf3 16. Rxf3 Ng4 17. Bf4 O-O 18. h3 Bxf4 19. Rxf4 Nge5 20. Bc2 Ng6 21.
Re4 Qg5 22. Qxg5 hxg5 23. Nd4 Nce5 24. Nf3 Nxf3+ 25. gxf3 Nh4 26. Kf2 Rbd8 27.
Red4 Rxd4 28. Rxd4 c6 29. Rd7 b6 30. Rc7 Rd8 31. Ke2 c5 32. Bb3 Re8+ 33. Kf2
Rf8 34. Ra7 b5 35. Rxa6 c4 36. Bc2 Rb8 37. Ra7 Ng6 38. Bxg6 fxg6 39. Kg3 Kh7
40. Rd7 b4 41. cxb4 Rxb4 42. Rd2 Ra4 43. a3 Ra5 44. Rc2 Ra4 45. Rc3 Kh6 46. Kg4
Ra5 47. Rxc4 Rf5 48. b4 Rf4+ 49. Rxf4 gxf4 50. Kxf4 Kh5 51. Kg3 1-0

[Event "Motor City Open"]
[Site "Detroit"]
[Date "1991.12.01"]
[Round "6"]
[White "Dobbs, Edward"]
[Black "Wilson, Vester"]
[Result "1-0"]
[WhiteElo "1847"]
[BlackElo "2122"]
[PlyCount "68"]
[EventDate "1991.11.29"]

1. c4 Nf6 2. Nc3 c5 3. e3 e5 4. Nge2 d5 5. d4 exd4 6. exd4 dxc4 7. Be3 Be6 8.
dxc5 Qxd1+ 9. Rxd1 Nbd7 10. Nf4 Ne5 11. Nxe6 fxe6 12. f4 Neg4 13. Bg1 Nh5 14.
g3 e5 15. Be2 Nhf6 16. h3 Nh6 17. fxe5 Nd7 18. Bxc4 Nxe5 19. Bb5+ Kf7 20. b4 a5
21. bxa5 Be7 22. Be3 Nf3+ 23. Ke2 Bf6 24. Rhf1 Bxc3 25. Rxf3+ Ke7 26. Bxh6 gxh6
27. Rxc3 Rxa5 28. Rd7+ Kf6 29. Rxb7 Rxa2+ 30. Kf3 h5 31. g4 Kg5 32. Rf7 hxg4+
33. hxg4 Kg6 34. Rf4 Rb8 1-0

[Event "Motor City Open"]
[Site "Detroit"]
[Date "1991.12.01"]
[Round "7"]
[White "DeJongh, John"]
[Black "Sledge, Ernest"]
[Result "1/2-1/2"]
[WhiteElo "1647"]
[BlackElo "1691"]
[PlyCount "85"]
[EventDate "1991.11.29"]

1. d4 d5 2. c4 e6 3. Nc3 Nf6 4. e3 Be7 5. Nf3 O-O 6. Bd3 c6 7. O-O Nbd7 8. a3
Bd6 9. c5 Bb8 10. b4 e5 11. e4 exd4 12. Nxd4 Ne5 13. exd5 cxd5 14. Be2 a6 15.
Bg5 h6 16. Bxf6 Qxf6 17. Nxd5 Qd8 18. Nb6 Ra7 19. Nxc8 Qxc8 20. Nf3 Qc7 21.
Nxe5 Qxe5 22. g3 Qf6 23. Qc1 Ra8 24. Qe3 Be5 25. Rad1 Rad8 26. Rxd8 Rxd8 27.
Qf3 Qxf3 28. Bxf3 Rd7 29. a4 g6 30. c6 bxc6 31. Bxc6 Rd4 32. Rb1 Bd6 33. Bb7 a5
34. bxa5 Rxa4 35. a6 Bc5 36. Rd1 Ra2 37. Rf1 Kg7 38. Kg2 Ba7 39. h3 h5 40. h4
Kf6 41. Bc8 Kg7 42. Bb7 Kf6 43. Bc8 1/2-1/2

[Event "Motor City Open"]
[Site "Detroit"]
[Date "1991.12.01"]
[Round "6"]
[White "Collins, Charles"]
[Black "Ghiata, Gheorghe"]
[Result "1/2-1/2"]
[WhiteElo "1729"]
[BlackElo "1945"]
[PlyCount "85"]
[EventDate "1991.11.29"]

1. d4 d5 2. c4 e6 3. g3 Nd7 4. Bg2 c6 5. Nf3 Be7 6. O-O f5 7. Qc2 Ngf6 8. Ng5
Nf8 9. Na3 Bd7 10. b4 Bxb4 11. Rb1 a5 12. c5 h6 13. Nf3 Ng6 14. Qd3 Bxa3 15.
Qxa3 O-O 16. Rxb7 Bc8 17. Rb6 Ra6 18. Rxa6 Bxa6 19. Bd2 Bxe2 20. Re1 Bxf3 21.
Bxa5 Qb8 22. Bxf3 Ne4 23. Qb4 Qxb4 24. Bxb4 Rb8 25. a3 e5 26. Bh5 Nf8 27. dxe5
Ne6 28. f3 N4g5 29. h4 g6 30. hxg5 gxh5 31. gxh6 Kh7 32. Bd2 Rb3 33. Re3 Rb2
34. Re2 Ra2 35. Kf2 Rxa3 36. Re3 Rxe3 37. Bxe3 d4 38. Bd2 Nxc5 39. Ke2 Kg6 40.
Bb4 Ne6 41. Bd2 Nc5 42. Bb4 Ne6 43. Bd2 1/2-1/2

[Event "Motor City Open"]
[Site "Detroit"]
[Date "1991.12.01"]
[Round "6"]
[White "Carroll, Deuvoy"]
[Black "Steen, Harold"]
[Result "1-0"]
[WhiteElo "2176"]
[BlackElo "1750"]
[PlyCount "53"]
[EventDate "1991.11.29"]

1. e4 d6 2. d4 Nf6 3. Bd3 g6 4. f4 Bg7 5. Nf3 O-O 6. O-O Bg4 7. Be3 Nbd7 8.
Nbd2 c5 9. c3 Qc7 10. h3 Bxf3 11. Qxf3 a6 12. e5 Ne8 13. Kh1 e6 14. g4 d5 15.
f5 c4 16. Bc2 Nxe5 17. dxe5 Qxe5 18. Rae1 Qc7 19. Bg5 h6 20. Bh4 g5 21. Bg3 Qc6
22. Qe2 Nc7 23. Bxc7 Qxc7 24. fxe6 fxe6 25. Qxe6+ Kh8 26. Qg6 Rxf1+ 27. Rxf1
1-0

[Event "Motor City Open"]
[Site "Detroit"]
[Date "1991.12.01"]
[Round "6"]
[White "Brooks, John"]
[Black "Tsemekhman, Vadim"]
[Result "1-0"]
[WhiteElo "2195"]
[BlackElo "2442"]
[PlyCount "99"]
[EventDate "1991.11.29"]

1. d4 Nf6 2. c4 g6 3. Nc3 Bg7 4. e4 d6 5. Be2 O-O 6. Nf3 e5 7. dxe5 dxe5 8.
Qxd8 Rxd8 9. Bg5 Nbd7 10. Rd1 Rf8 11. Nb5 c6 12. Nd6 Nc5 13. Bxf6 Bxf6 14. b4
Ne6 15. O-O Nf4 16. Rfe1 Bg4 17. Kf1 b6 18. h3 Bxf3 19. Bxf3 Ne6 20. Bg4 Nd4
21. Rd2 h5 22. Bd1 Bg5 23. Rd3 Be7 24. c5 Bxd6 25. cxd6 Rfd8 26. f4 f6 27. Rxd4
exd4 28. Bb3+ Kf8 29. e5 h4 30. Rc1 d3 31. Rxc6 Rac8 32. b5 d2 33. Ke2 g5 34.
e6 Rxd6 35. Rxd6 gxf4 36. Kxd2 Rc5 37. Rd8+ Ke7 38. Rd7+ Ke8 39. a4 Rg5 40. Bd5
Re5 41. Kd3 Re3+ 42. Kd4 Re1 43. Rxa7 Rd1+ 44. Ke4 Re1+ 45. Kxf4 Re5 46. Rd7
Re1 47. Kf5 Rc1 48. Bc6 Kf8 49. Kxf6 Rf1+ 50. Bf3 1-0

[Event "Motor City Open"]
[Site "Detroit"]
[Date "1991.12.01"]
[Round "7"]
[White "Brooks, John"]
[Black "Basin, Leonid"]
[Result "1/2-1/2"]
[WhiteElo "2195"]
[BlackElo "2471"]
[PlyCount "43"]
[EventDate "1991.11.29"]

1. d4 Nf6 2. c4 g6 3. Nc3 Bg7 4. Nf3 O-O 5. e4 d6 6. Be2 Nbd7 7. O-O e5 8. dxe5
dxe5 9. Bg5 h6 10. Be3 c6 11. h3 Qe7 12. Qc2 Nh5 13. Qc1 Kh7 14. Ne1 Nhf6 15.
Nd3 Re8 16. c5 Nf8 17. Bf3 N6d7 18. g3 Ne6 19. Bg2 b6 20. cxb6 axb6 21. Rd1 Nd4
22. Nxe5 1/2-1/2

[Event "Motor City Open"]
[Site "Detroit"]
[Date "1991.12.01"]
[Round "7"]
[White "Belfer, Joseph"]
[Black "Carroll, Deuvoy"]
[Result "0-1"]
[WhiteElo "2210"]
[BlackElo "2176"]
[PlyCount "64"]
[EventDate "1991.11.29"]

1. e4 d5 2. exd5 Qxd5 3. Nc3 Qa5 4. d4 c6 5. Nf3 Nf6 6. Bc4 Bg4 7. Bd2 Qh5 8.
Qe2 e6 9. h3 Nbd7 10. O-O-O Bxf3 11. gxf3 O-O-O 12. Ne4 Nb6 13. Ng3 Qh4 14. Be3
Nfd5 15. Bb3 Nxe3 16. Qxe3 Bd6 17. Ne2 Nd5 18. Bxd5 exd5 19. Qd3 Qxf2 20. Rdf1
Qh4 21. Qf5+ Rd7 22. Rfg1 g6 23. Qd3 Re8 24. Rg2 Rde7 25. Kd2 Qh6+ 26. Kd1 Re3
27. Qd2 Qh4 28. c4 dxc4 29. Qa5 Qe7 30. Re1 Bb4 31. Qxa7 Bxe1 32. Qa8+ Kc7 0-1

[Event "Motor City Open"]
[Site "Detroit"]
[Date "1991.12.01"]
[Round "6"]
[White "Barnette, Glenn"]
[Black "Thomas, Willie"]
[Result "0-1"]
[WhiteElo "1742"]
[BlackElo "1550"]
[PlyCount "108"]
[EventDate "1991.11.29"]

1. d4 Nf6 2. e3 d6 3. Bd3 e5 4. Nd2 g6 5. c3 Bg7 6. Ne2 Nc6 7. O-O O-O 8. Bc2
Nh5 9. Bb3 d5 10. dxe5 Nxe5 11. Nd4 c6 12. N2f3 Bg4 13. h3 Bd7 14. Nxe5 Bxe5
15. Nf3 Bg7 16. Bc2 Nf6 17. Bb3 Ne4 18. c4 dxc4 19. Bxc4 Qe7 20. Qb3 b6 21. Rd1
Nd6 22. Be2 Be6 23. Qc2 Bf5 24. Qxc6 Rfd8 25. Qa4 Rac8 26. Bd2 Bc2 27. Qa3 Bxd1
28. Rxd1 Qc7 29. Ba6 Rb8 30. Rc1 Qd7 31. Bc3 f6 32. Rd1 Qc7 33. Qb3+ Kh8 34.
Nd4 Ne4 35. Rc1 Nc5 36. Bb4 Nxb3 37. Rxc7 Nxd4 38. exd4 Rxd4 39. Bc3 Rdd8 40.
Rxa7 Ra8 41. Rxa8 Rxa8 42. Bc4 f5 43. Bxg7+ Kxg7 44. f3 g5 45. g4 fxg4 46. hxg4
h6 47. Kf2 Kf6 48. Ke3 Ke5 49. Bf7 Rc8 50. Kd3 Rf8 51. Bb3 Rxf3+ 52. Kc2 Rf4
53. Bf7 Rxg4 54. Bh5 Kf4 0-1

[Event "Motor City Open"]
[Site "Detroit"]
[Date "1991.12.01"]
[Round "6"]
[White "Ball, Ed"]
[Black "Spooner, Frank"]
[Result "1/2-1/2"]
[WhiteElo "1957"]
[BlackElo "1875"]
[PlyCount "83"]
[EventDate "1991.11.29"]

1. e3 e6 2. f4 d5 3. Nf3 Bd6 4. d4 Nd7 5. Be2 Ngf6 6. O-O c5 7. c3 O-O 8. Ne5
Qc7 9. Nd2 b6 10. Qe1 Bb7 11. g4 cxd4 12. exd4 Ne4 13. Qh4 f5 14. g5 Nxe5 15.
fxe5 Be7 16. Nf3 g6 17. Qh6 Rf7 18. Be3 Qd8 19. Bf4 a6 20. Rac1 b5 21. a3 Rc8
22. Bd3 Bf8 23. Qh3 Be7 24. Qg2 Qf8 25. h4 Rc7 26. Rc2 Bd8 27. Qh3 Bc8 28. h5
Be7 29. Rh2 Qg7 30. Kg2 Kf8 31. Rfh1 Ke8 32. hxg6 Qxg6 33. Qh6 Qg8 34. Kf1 Rg7
35. Qh5+ Kd8 36. Rg2 Bd7 37. Qh6 Be8 38. Ke1 Kc8 39. Kd1 Bd8 40. Kc2 Rg6 41.
Qh4 Rcg7 42. Rgg1 1/2-1/2

[Event "Motor City Open"]
[Site "Detroit"]
[Date "1991.12.01"]
[Round "7"]
[White "Ball, Ed"]
[Black "Collins, Charles"]
[Result "0-1"]
[WhiteElo "1957"]
[BlackElo "1729"]
[PlyCount "70"]
[EventDate "1991.11.29"]

1. e4 Nf6 2. Nc3 d6 3. f4 g6 4. Be2 Bg7 5. g4 e5 6. f5 Na6 7. g5 gxf5 8. gxf6
Bxf6 9. Bxa6 Bh4+ 10. Kf1 bxa6 11. d3 fxe4 12. dxe4 Qf6+ 13. Qf3 Bh3+ 14. Ke2
Bg4 15. Nd5 Bxf3+ 16. Nxf3 Qd8 17. Nxh4 Qxh4 18. Nxc7+ Kd7 19. Nxa8 Qxe4+ 20.
Be3 Rxa8 21. Rhg1 f5 22. Rg7+ Ke6 23. Kd2 f4 24. Bf2 Qd5+ 25. Ke1 f3 26. Kf1
Qc4+ 27. Kg1 Kf6 28. Rg3 Rg8 29. c3 Rxg3+ 30. hxg3 e4 31. Re1 Kf5 32. a3 h5 33.
Bxa7 h4 34. b3 Qg8 35. Kf2 Qxg3+ 0-1

[Event "Michigan Action"]
[Site "Detroit"]
[Date "1991.12.07"]
[Round "4"]
[White "Winter, B."]
[Black "Reeves, Andre"]
[Result "0-1"]
[WhiteElo "1605"]
[BlackElo "1357"]
[PlyCount "42"]
[EventDate "1991.12.07"]

1. e4 e6 2. Nf3 d5 3. Nc3 c5 4. exd5 exd5 5. Ne5 Nf6 6. Qe2 Be7 7. Qb5+ Nbd7 8.
d4 O-O 9. Bf4 cxd4 10. Nxd5 Nxe5 11. Nxf6+ Bxf6 12. Bxe5 Bxe5 13. Qxe5 Re8 14.
f4 Rxe5+ 15. fxe5 Qh4+ 16. g3 Qe4+ 17. Kd2 Qe3+ 18. Kd1 Bg4+ 19. Be2 Qxe2+ 20.
Kc1 Rc8 21. Rd1 Qxc2# 0-1

[Event "Michigan Action"]
[Site "Detroit"]
[Date "1991.12.07"]
[Round "1"]
[White "West, Tony"]
[Black "Burg, Dan"]
[Result "0-1"]
[WhiteElo "1605"]
[BlackElo "1853"]
[PlyCount "48"]
[EventDate "1991.12.07"]

1. e4 e5 2. d4 exd4 3. Qxd4 Nc6 4. Qc4 Nf6 5. Nf3 h6 6. Nc3 Bb4 7. Bf4 O-O 8.
O-O-O Bxc3 9. Qxc3 Nxe4 10. Qc5 Nxc5 11. Bc4 d6 12. Rhe1 Be6 13. Bb5 Bxa2 14.
h4 Qf6 15. Rd4 Nxd4 16. Nxd4 Qxf4+ 17. Kd1 Qxd4+ 18. Bd3 Nxd3 19. Re3 Nxf2+ 20.
Ke2 Rfe8 21. Rxe8+ Rxe8+ 22. Kf1 Bc4+ 23. Kg1 Ng4+ 24. Kh1 Re1# 0-1

[Event "Michigan Action"]
[Site "Detroit"]
[Date "1991.12.07"]
[Round "6"]
[White "Wanshon, Kevin"]
[Black "Skidmore, Mike"]
[Result "0-1"]
[WhiteElo "1797"]
[BlackElo "1914"]
[PlyCount "64"]
[EventDate "1991.12.07"]

1. e4 c6 2. d4 d5 3. Nc3 dxe4 4. Nxe4 Nd7 5. Nf3 Ngf6 6. Ng3 Nb6 7. Be2 Bg4 8.
O-O e6 9. c3 Be7 10. Ne5 Bxe2 11. Qxe2 O-O 12. Be3 Rc8 13. Rad1 Nbd5 14. f4
Nxe3 15. Qxe3 Qb6 16. Nd3 c5 17. dxc5 Rxc5 18. Kh1 Nd5 19. Qf3 Rc7 20. f5 Ne3
21. Ne5 Nxd1 22. Rxd1 Qxb2 23. fxe6 fxe6 24. Qg4 Qxa2 25. c4 Bf6 26. Qxe6+ Kh8
27. Nd7 Rd8 28. Nh5 Rcxd7 29. Rg1 Rd1 30. Ng3 Rxg1+ 31. Kxg1 Rd1+ 32. Nf1 Bd4+
0-1

[Event "Michigan Action"]
[Site "Detroit"]
[Date "1991.12.07"]
[Round "4"]
[White "Wanshon, Kevin"]
[Black "Moody, David"]
[Result "0-1"]
[WhiteElo "1797"]
[BlackElo "2002"]
[PlyCount "42"]
[EventDate "1991.12.07"]

1. e4 e5 2. Nf3 Nc6 3. Bb5 a6 4. Ba4 Nf6 5. O-O Be7 6. Re1 b5 7. Bb3 O-O 8. c3
d5 9. Bxd5 Nxd5 10. exd5 Qxd5 11. Qe2 Bb7 12. Qe4 Qxe4 13. Rxe4 Bd6 14. Re1 e4
15. Rxe4 Ne5 16. Rxe5 Bxe5 17. Nxe5 Rfe8 18. d4 f6 19. Nf3 Bxf3 20. gxf3 Re1+
21. Kg2 Rxc1 0-1

[Event "Michigan Action"]
[Site "Detroit"]
[Date "1991.12.07"]
[Round "2"]
[White "Wanshon, Kevin"]
[Black "Helle, Frank"]
[Result "0-1"]
[WhiteElo "1797"]
[BlackElo "2146"]
[PlyCount "60"]
[EventDate "1991.12.07"]

1. e4 c5 2. Nf3 e6 3. d4 cxd4 4. Nxd4 a6 5. Nc3 Qc7 6. a4 b6 7. Be2 Nf6 8. O-O
d6 9. Be3 Be7 10. Qd2 Bb7 11. f3 O-O 12. Rfd1 Nbd7 13. Nb3 Rfd8 14. Bf1 Nc5 15.
Qf2 Rac8 16. a5 b5 17. Nd4 d5 18. exd5 Nxd5 19. Nxd5 Bxd5 20. Ne2 Bf6 21. Bxc5
Qxc5 22. Qxc5 Rxc5 23. c3 Bb3 24. Rxd8+ Bxd8 25. Nd4 Bd5 26. Kf2 f6 27. Ke3 Kf7
28. Nc2 Bb7 29. Nb4 e5 30. Bd3 g6 0-1

[Event "Michigan Action"]
[Site "Detroit"]
[Date "1991.12.07"]
[Round "1"]
[White "Wanshon, Kevin"]
[Black "Frazier, L."]
[Result "1-0"]
[WhiteElo "1797"]
[BlackElo "1605"]
[PlyCount "49"]
[EventDate "1991.12.07"]

1. e4 f6 2. d4 d6 3. Nf3 Qd7 4. Nc3 Qc6 5. Bb5 a6 6. Bxc6+ Nxc6 7. Nd5 Bg4 8.
Nxc7+ Kd7 9. Nxa8 Nh6 10. Bxh6 gxh6 11. h3 Bh5 12. Ne5+ dxe5 13. Qxh5 e6 14.
dxe5 Nxe5 15. O-O-O+ Kc6 16. Qe8+ Kc5 17. Qxe6 Nc4 18. Qd5+ Kb4 19. c3+ Ka4 20.
Qxc4+ Ka5 21. Rd5+ b5 22. Qc7+ Ka4 23. Rd4+ b4 24. b3+ Ka3 25. Qa5# 1-0

[Event "Michigan Action"]
[Site "Detroit"]
[Date "1991.12.07"]
[Round "1"]
[White "Walker, Douglas"]
[Black "Weaver, K."]
[Result "1-0"]
[WhiteElo "1828"]
[BlackElo "1605"]
[PlyCount "37"]
[EventDate "1991.12.07"]

1. e4 e5 2. Nf3 Bc5 3. Bb5 Qf6 4. Nc3 Nc6 5. O-O Nh6 6. Nd5 Qe6 7. Nxc7+ Ke7 8.
Nxe6 Kxe6 9. Bxc6 dxc6 10. c3 Be7 11. d4 exd4 12. Qxd4 Ng4 13. Qxg7 Bd7 14.
Qxg4+ Kd6 15. Bf4+ Kc5 16. Qxd7 Bf6 17. b4+ Kc4 18. Qxf7+ Kxc3 19. Qb3# 1-0